| 000 | 00959cam a2200265 a 4500 | ||
|---|---|---|---|
| 001 | 16594544 | ||
| 003 | OSt | ||
| 005 | 20230203114750.0 | ||
| 008 | 101230s2011 ilu b 001 0 eng | ||
| 010 | _a 2010052972 | ||
| 020 | _a9780830838967 | ||
| 040 |
_aDLC _cDLC _dDLC |
||
| 050 | 0 | 0 |
_aBS1455 _b.B27 2011 |
| 100 | 1 |
_aBartholomew, Craig G., _d1961- |
|
| 245 | 1 | 0 |
_aOld Testament wisdom literature : _ba theological introduction / _cCraig G. Bartholomew & Ryan P. O'Dowd. |
| 260 |
_aDowners Grove, IL : _bIVP Academic, _c2011. |
||
| 300 | _a336 p. | ||
| 504 | _aIncludes bibliographical references and indexes. | ||
| 630 | 0 | 0 |
_aBible. _pOld Testament _xTheology. |
| 650 | 0 |
_aWisdom literature _xCriticism, interpretation, etc. |
|
| 700 | 1 | _aO'Dowd, Ryan. | |
| 906 |
_a7 _bcbc _corignew _d1 _eecip _f20 _gy-gencatlg |
||
| 942 |
_2lcc _cBK |
||
| 999 |
_c19914 _d19913 |
||